000 00199 a2200097 4500
001 5676
100 _aStarling,SG
245 _aElectricity & magnitism
260 _a
_bGreen
_c
090 _c4664
_d4664
942 _aNUST-CAE
_cM
_c31005
999 _c240749
_d240749